[Event "47th Rubinstein Memorial"]
[Site "Polanica Zdroj POL"]
[Date "2011.08.27"]
[Round "8"]
[White "Sadzikowski, Daniel"]
[Black "Starostits, Ilmars"]
[WhiteElo "2388"]
[BlackElo "2500"]
[Result "1-0"]
[EventDate "2011.08.20"]
[PlyCount "69"]
1. Nf3 c5 2. e4 d6 3. d4 cxd4 4. Nxd4 Nf6 5. Nc3 g6 6. Be3 Bg7 7. f3 Nc6 8. Bc4 h5 9. Bb3 Bd7 10. O-O Na5 11. Nd5 Nxd5 12. exd5 Rc8 13. Qd3 a6 14. Ne6 Bxe6 15. dxe6 f5 16. g4 Nxb3 17. axb3 Qc7 18. c3 hxg4 19. fxg4 Rh4 20. Ra4 d5 21. Rf2 d4 22. Rc4 Rxg4+ 23. Kf1 Qd8 24. Rxf5 Rxc4 25. Rg5 Rxg5 26. Bxg5 Qa5 27. Qxg6+ Kd8 28. Bxe7+ Kc7 29. bxc4 Qa1+ 30. Kg2 Qxb2+ 31. Kf3 Qxc3+ 32. Kg4 d3 33. Bg5 Qxc4+ 34. Bf4+ Kd8 35. Qf7 1-0

[Event "47th Rubinstein Memorial"]
[Site "Polanica Zdroj POL"]
[Date "2011.08.27"]
[Round "8"]
[White "Tazbir, Marcin"]
[Black "Hnydiuk, Aleksander"]
[WhiteElo "2520"]
[BlackElo "2432"]
[Result "1/2-1/2"]
[EventDate "2011.08.20"]
[PlyCount "31"]
1. d4 d5 2. c4 c6 3. Nf3 Nf6 4. e3 a6 5. Bd2 e6 6. Nc3 Nbd7 7. Rc1 dxc4 8. Bxc4 b5 9. Bd3 c5 10. a4 b4 11. Ne4 Bb7 12. Ng3 cxd4 13. exd4 Bd6 14. O-O O-O 15. Qe2 Qa5 16. b3 1/2-1/2

[Event "47th Rubinstein Memorial"]
[Site "Polanica Zdroj POL"]
[Date "2011.08.28"]
[Round "9"]
[White "Hnydiuk, Aleksander"]
[Black "Stoma, Pawel"]
[WhiteElo "2432"]
[BlackElo "2322"]
[Result "1-0"]
[EventDate "2011.08.20"]
[PlyCount "98"]
1. e4 c6 2. d4 d5 3. f3 e6 4. Nc3 Bb4 5. Bf4 Ne7 6. Qd3 Nd7 7. O-O-O Qa5 8. Nge2 Nb6 9. a3 Nc4 10. Nb1 Bd6 11. e5 Bc7 12. b3 Nb6 13. Bd2 Qa6 14. Qxa6 bxa6 15. Ba5 f6 16. f4 O-O 17. Ng3 Ng6 18. Nh5 f5 19. Bd3 Bd8 20. Rdf1 Nh8 21. Rhg1 g6 22. Ng3 Nf7 23. Ne2 Nd7 24. Bxd8 Nxd8 25. Nd2 c5 26. dxc5 Nxc5 27. Nd4 Kf7 28. Rf3 Ke7 29. Be2 Bb7 30. Rh3 Rf7 31. Rf1 Rc8 32. Rff3 Nc6 33. Nxc6+ Rxc6 34. Rc3 a5 35. Nf3 Ne4 36. Rxc6 Bxc6 37. Nd4 Bd7 38. Bd3 Kd8 39. a4 Nc5 40. Nf3 Rg7 41. Rh6 Bc6 42. g3 Kc7 43. Ng5 Be8 44. Nxh7 Bf7 45. Nf6 g5 46. fxg5 Nb7 47. h4 Nd8 48. Bb5 a6 49. Be8 Kb6 1-0

[Event "47th Rubinstein Memorial"]
[Site "Polanica Zdroj POL"]
[Date "2011.08.28"]
[Round "9"]
[White "Malaniuk, Vladimir"]
[Black "Shishkin, Vadim"]
[WhiteElo "2455"]
[BlackElo "2457"]
[Result "1/2-1/2"]
[EventDate "2011.08.20"]
[PlyCount "21"]
1. d4 d5 2. c4 e6 3. Nf3 Nf6 4. Nc3 Be7 5. Bg5 h6 6. Bh4 O-O 7. e3 b6 8. Be2 Bb7 9. Bxf6 Bxf6 10. cxd5 exd5 11. b4 1/2-1/2

[Event "47th Rubinstein Memorial"]
[Site "Polanica Zdroj POL"]
[Date "2011.08.28"]
[Round "9"]
[White "Sieciechowicz, Marcin"]
[Black "Sadzikowski, Daniel"]
[WhiteElo "2454"]
[BlackElo "2388"]
[Result "1-0"]
[EventDate "2011.08.20"]
[PlyCount "87"]
1. d4 d5 2. c4 c6 3. Nf3 Nf6 4. Nc3 dxc4 5. a4 Bf5 6. Ne5 Nbd7 7. Nxc4 Qc7 8. g3 e5 9. dxe5 Nxe5 10. Bf4 Nfd7 11. Bg2 f6 12. Ne3 Be6 13. O-O g5 14. Bxe5 Qxe5 15. a5 a6 16. Ra4 f5 17. Qc2 O-O-O 18. Ncd5 Bxd5 19. Nxd5 Kb8 20. Nb4 Nc5 21. Nxc6+ bxc6 22. Rb4+ Ka7 23. Rb6 Rb8 24. b4 Rxb6 25. axb6+ Kxb6 26. bxc5+ Bxc5 27. Rb1+ Kc7 28. Qa4 Qd6 29. Qa5+ Kd7 30. Rc1 Rb8 31. Qxc5 Qxc5 32. Rxc5 Rb1+ 33. Bf1 Kd6 34. Ra5 c5 35. Rxa6+ Kd5 36. e3 f4 37. exf4 gxf4 38. gxf4 c4 39. Ra5+ Kd6 40. Kg2 c3 41. Bd3 Rb7 42. Kf3 Rc7 43. Bc2 Ke6 44. Rh5 1-0

[Event "47th Rubinstein Memorial"]
[Site "Polanica Zdroj POL"]
[Date "2011.08.28"]
[Round "9"]
[White "Simacek, Pavel"]
[Black "Kolosowski, Mateusz"]
[WhiteElo "2470"]
[BlackElo "2408"]
[Result "1/2-1/2"]
[EventDate "2011.08.20"]
[PlyCount "75"]
1. e4 c5 2. Nc3 Nc6 3. g3 g6 4. Bg2 Bg7 5. d3 d6 6. Be3 e6 7. f4 Nge7 8. Nf3 Nd4 9. O-O O-O 10. Bf2 Nxf3+ 11. Bxf3 Nc6 12. Bg2 Nd4 13. Rb1 b6 14. Ne2 Bb7 15. c4 f5 16. Nxd4 cxd4 17. exf5 Bxg2 18. Kxg2 Rxf5 19. Qf3 e5 20. g4 Rxf4 21. Qd5+ Kh8 22. Bg3 Rf8 23. Rxf8+ Qxf8 24. Rf1 Qe8 25. Bh4 b5 26. cxb5 Rb8 27. a4 Qc8 28. Qf3 Qe6 29. Bf6 d5 30. g5 Rc8 31. Bxg7+ Kxg7 32. Qf6+ Qxf6 33. Rxf6 Rc2+ 34. Rf2 Rc1 35. Rf1 Rc2+ 36. Rf2 Rc1 37. Rf1 Rc2+ 38. Rf2 1/2-1/2

[Event "47th Rubinstein Memorial"]
[Site "Polanica Zdroj POL"]
[Date "2011.08.28"]
[Round "9"]
[White "Starostits, Ilmars"]
[Black "Tazbir, Marcin"]
[WhiteElo "2500"]
[BlackElo "2520"]
[Result "1/2-1/2"]
[EventDate "2011.08.20"]
[PlyCount "70"]
1. e4 c5 2. Nc3 Nc6 3. g3 g6 4. Bg2 Bg7 5. d3 d6 6. f4 f5 7. exf5 Bxf5 8. Nf3 Nf6 9. h3 O-O 10. O-O Rb8 11. Be3 Bd7 12. a4 Nh5 13. Kh2 Nd4 14. Bf2 Bc6 15. Nxd4 cxd4 16. Ne4 e5 17. fxe5 Bxe5 18. Bf3 d5 19. Nd2 Qg5 20. Rg1 Kh8 21. Rg2 Ng7 22. Bg4 h5 23. Nf3 Rxf3 24. Bxf3 Nf5 25. Kg1 Ne3 26. Bxe3 Qxe3+ 27. Kh1 Rf8 28. Bxh5 gxh5 29. Qxh5+ Kg7 30. Re2 Rf5 31. Qxf5 Qxe2 32. Rf1 Bd6 33. Qf6+ Kh7 34. Rf5 Qe1+ 35. Rf1 Qe2 1/2-1/2